01018nam a2200265Ia 4500001002200000003000900022008004100031040002300072041001300095100002200108240003400130245004900164250001500213260002600228300001900254490002100273501012400294520003100418700002300449700003400472942000700506957000600513999004100519952019200560844-BER ge sp (15298)IT-MiSPE171229s9999||||xx |||||||||||||| ||und|| aIT-MiSPEcIT-MiSPE aITALIANO aGeorges Bernanos  aLa liberté, pou quoi faire? 0aLo spirito europeo e il mondo delle macchine a1a ed. (v) aMilanobRusconic1972 a300 p. c19 cm aProblemi attuali aEdizioni San Paolo srl - Piazza Soncino, 5 - 20092 CINISELLO BALSAMO (MI) (non commercial uses only) ® Copyright 2018 aAlfredo Cattabiani (intr.) aAlfredo Cattabiani aGennaro Aulettag(traduzione) cBK 71 a1675bNOg Copie: 1 c353652d353652 0010406844BER_GE_SP_1529871aCINISELLObCINISELLOd2017-12-30l0o844-BER ge sp (15298)r2017-12-30 00:00:00w2017-12-30yBKz(data import: 20 dicembre 2017) - By Epidotti, Vaglietti.